Statistiken für Serien Charaktere (90er und 2000er)

Klicken Sie hier um das Quiz zu spielen!

Allgemein

  • Dieses Quiz wurde 210 mal gespielt
  • Das Durchschnittsergebnis liegt bei 5 aus 15

Antwortstatistiken

HintAntwort% Korrekt
Lorelai, Rory, Emily, Richard, Luke, JessGilmore Girls
75%
Carrie, Samantha, Miranda, CharlotteSex and the city
67%
Mulder und ScullyAkte X
65%
Sam und DeanSupernatural
65%
Prue, Piper, PhoebeCharmed
62%
Xander, Willow, Giles, Dawn, SpikeBuffy
39%
Ryan, Seth, Summer, MarissaO.C.
39%
Clark, Lana, Pete, Lex, Chloe SullivanSmallville
36%
Lucas Nathan, Haley, Brooke, PeytonOne tree hill
20%
Gil Grissom, Catherine Willow, Sara SidleCSI
16%
Alan Shore, Denny Crane, Shirley SchmidtBoston Legal
10%
Tony, Carmela, Meadow, AdrianaSopranos
10%
Richard Fish, John Cage, Billy Thomas, Ling WooAlly McBeal
9%
Dr. Andrew Brown, Ephram, Amy, BrightEverwood
8%
Dale Cooper, Audrey Horne, Donna HaywardTwin Peaks
5%

Verteilung der Resultate

Perzentil nach korrekt beantworteten Fragen

Anzahl Personen mit jedem Resultat

Ihre Resultats-Entwicklung

Sie haben dieses Quiz noch nicht gespielt